LEADER 01234nam1 2200373 450 001 990003024150203316 005 20071128190919.0 035 $a000302415 035 $aUSA01000302415 035 $a(ALEPH)000302415USA01 035 $a000302415 100 $a20071128d2006----km-y0itay50------ba 101 $aita 102 $aIT 105 $aaf--||||001yy 200 1 $aMario Cavaglieri$e(1887-1969)$ecatalogo ragionato dei dipinti$fViviane Vareilles 210 $aTorino [etc.]$cU. Allemandi$dcopyr. 2006- 215 $av.$cill.$d34 cm 225 2 $aArchivi dell'Ottocento e del primo Novecento 410 0$12001$aArchivi dell'Ottocento e del primo Novecento 463 \1$1001990003023730203316$12001 $a<> <> vita e le opere 463 \1$1001990003023780203316$12001 $a<> Catalogo delle opere 600 1$aCavaglieri,$bMario$xEsposizioni$zSec. 20. 676 $a759.5 700 1$aVAREILLES,$bViviane$0599463 801 0$aIT$bsalbc$gISBD 912 $a990003024150203316 951 $aXII.2.C.$bL.M.$cXII.2. 959 $aBK 969 $aUMA 979 $aPAOLA$b90$c20071128$lUSA01$h1905 979 $aPAOLA$b90$c20071128$lUSA01$h1909 996 $aMario Cavaglieri$91025468 997 $aUNISA LEADER 00909nam0-2200337---450- 001 990009420790403321 005 20111020104354.0 035 $a000942079 035 $aFED01000942079 035 $a(Aleph)000942079FED01 035 $a000942079 100 $a20110912d1954----km-y0itay50------ba 101 0 $aeng 102 $aGB 105 $a--------001yy 200 1 $aHistochemistry$etheoretical and applied$fby A. G. Everson Pearse 210 $aLondon$cChurchill$d1954 215 $aVIII, 530 p.$cill.$d24 cm 610 0 $aLaboratorio$aTecniche 610 0 $aIstologia 676 $a574.821 700 1$aPearse,$bAnthony Guy Everson$0100950 801 0$aIT$bUNINA$gRICA$2UNIMARC 901 $aBK 912 $a990009420790403321 952 $aIIId C 47$b2082$fDMVSF 952 $a56 B 19$b5082$fDMVAP 959 $aDMVSF 959 $aDMVAP 996 $aHistochemistry$9403285 997 $aUNINA